Statistics for French - Body

Click here to take the quiz!

General Stats

  • This quiz has been taken 52 times
  • The average score is 19 of 27

Answer Stats

FrenchEnglish% Correct
NezNose
95%
TêteHead
95%
BoucheMouth
93%
MainHand
90%
PiedFoot
90%
CoeurHeart
88%
CorpsBody
88%
VisageFace
85%
OeilEye
85%
YeuxEyes
85%
EstomacStomach
85%
JambeLeg
80%
BraArm
80%
OrielleEar
80%
ÉpauleShoulder
73%
GenouKnee
71%
DoigtFinger
71%
DosBack
63%
PeauSkin
59%
VoixVoice
56%
GorgeThroat
56%
VentreStomach
54%
CouNeck
54%
LèvreLip
54%
PoitrineChest
37%
FigureFace
32%
PoingFist
22%

Score Distribution

Percentile by Number Answered

Percent of People with Each Score

Your Score History

You have not taken this quiz